00443nam a2200181 a 4500001001300000003000900013005001700022008004100039020001100080082001300091100001600104245003200120260002900152300000900181500003500190505001000225650002600235nice12345678IN_TiNIC20260116012246.0050524s1960 lona grp 000 0 eng  ac40.800a282bFUL aFuller, R H aChurch of Romeb Dissuasive aLondonbScm Press c1960 a160p aincludes index and biblioraphy2 aIndex aRoman Catholic Church